| 000 | 00394nam a2200157Ia 4500 | ||
|---|---|---|---|
| 999 |
_c14380 _d14380 |
||
| 003 | OSt | ||
| 005 | 20260218171330.0 | ||
| 008 | 260210s9999 xx 000 0 und d | ||
| 020 | _a9781641724760 | ||
| 082 | _a690 | ||
| 100 | _aCharles Bale | ||
| 245 | 0 | _aBuilding Construction: Principles, Materials and Systems | |
| 260 |
_bLarsen & Keller _aUSA _c2020 |
||
| 300 | _a239P; | ||
| 942 |
_cUG _2ddc |
||